[Event "Valasska Bystrice op"]
[Site "Valasska Bystrice"]
[Date "2014.09.13"]
[Round "1"]
[White "Korinek, Jaroslav"]
[Black "Kalvas, Jaroslav"]
[Result "1-0"]
[WhiteElo "1798"]
[BlackElo "1482"]
[PlyCount "101"]
[EventDate "2014.09.13"]
[EventType "swiss"]
[EventRounds "9"]
[EventCountry "CZE"]
[SourceTitle "CBM 162 Extra"]
[Source "ChessBase"]
[SourceDate "2014.10.17"]
[SourceVersion "1"]
[SourceVersionDate "2014.10.17"]
[SourceQuality "1"]

1. e4 e5 2. Nf3 d6 3. Bc4 Bg4 4. h3 Bxf3 5. Qxf3 Qf6 6. Qb3 Nd7 7. Qxb7 Qd8 8. Qd5 Nh6 9. d3 Nb6 10. Qc6+ Ke7 11. Nc3 Qd7 12. Nd5+ Kd8 13. Bb5 Qxc6 14. Bxc6 Rb8 15. f4 Ng8 16. 0-0 Ne7 17. Nxe7 Kxe7 18. b3 f6 19. Ba3 Nd7 20. Rf3 Rb6 21. Bxd7 Kxd7 22. fxe5 dxe5 23. Bxf8 Rxf8 24. Raf1 Rc6 25. R1f2 Re8 26. Rd2 Ree6 27. d4 exd4 28. Rxd4+ Rcd6 29. Rfd3 Ke7 30. Kf2 Re5 31. Kf3 Rc5 32. c3 Rcc6 33. a4 Rb6 34. b4 Rxd4 35. Rxd4 Rd6 36. Ke3 c6 37. c4 g5 38. c5 Re6 39. Kf3 h5 40. g4 h4 41. b5 Re5 42. Rc4 Kd7 43. b6 axb6 44. cxb6 c5 45. a5 Kc6 46. Rc1 Kb7 47. Rd1 Kc6 48. Rd5 c4 49. Rxe5 fxe5 50. Ke3 Kb7 51. Kd2 1-0